000 00478nam a2200181Ia 4500
001 23384
005 20260414150933.0
008 260414t2014||||xx |||||||||||||| ||spa||
041 _aESP
082 _a630.201063
_bS41 V. 15
110 _aSeminario Permanente de Investigación Agraria
245 0 _aPerú :
_bEl problema agrario en debate. SEPIA XV
260 _c2014
300 _a729 páginas :
_c21 cm.
650 _aTCA
654 _aCII
942 _cLIB
_dJUS
_fJUS
_2ddc
_n
999 _c23384
_d23384